000 00739nam a2200217 ar4500
001 3425
005 20221127090738.0
008 130721s at a 00110 eng d
020 _a9781285094595(hpb) :
_cSR 690.00
082 0 4 _a658.4013
_bEv15 2013
_222
100 1 _aEvans, James R.
245 1 0 _aManaging for quality and performance excellence /
_cJames Evans, William Lindsay.
250 _a9th ed.
260 _aAustralia :
_bSouth-Western/Cengage Learning,
_c2014[i.e.2013].
300 _axxi, 697, [60] p. :
_bill. ;
_c26 cm.
504 _aIncludes bibl. references and index.
650 4 _aQuality control.
650 4 _aQuality function development.
650 4 _aProduct management.
700 0 _aLindsay, William M.,
_ejt. auth.
999 _c3423
_d3423